Bildrechte in Archiven

Titel: Bildrechte in Archiven : ein Überblick
Verfasser:
In: Verband Schleswig-Holsteinischer Kommunalarchivarinnen und -Archivare: Mitteilungen, (2010), Seite 49-56
alle Artikel anzeigen
Veröffentlicht: 2010
Format: Aufsatz
Kein Bild verfügbar
X
alg: 44197289
001A    $03036:30-01-19 
001B    $01999:30-01-19 $t22:57:46.000 
001D    $03036:30-01-19 
001U    $0utf8 
001X    $00 
002@    $0Aox    
003@    $0441972896 
007A    $0441972896 $aHEB 
007T    $0ArchMa16941 
011@    $a2010 
021A    $aBildrechte in Archiven $dein Überblick 
028A    $aTalke $dArmin 
031A    $h49-56 $j2010 
039B    $aIn $8--Abvc--Verband Schleswig-Holsteinischer Kommunalarchivarinnen und -Archivare [Tb1]. Mitteilungen. - Kiel : VKA, 2000-2011 $x201000000000000951 $9094034893 

lok: 44197289 105

exp: 44197289 105 1 #EPN
201B/01 $030-01-19 $t14:34:23.000 
201C/01 $030-01-19 
201U/01 $0utf8 
203@/01 $01042342555 
208@/01 $a13-12-18 $be 
209A/01 $a/ $f106 $x00 
245Z/01 $a2.03. $bArchivwissenschaft und Archivtheorie / Archivrecht $x01 
245Z/01 $a2.16.04.02. $bArchivwissenschaft und Archivtheorie / Archivaliengattungen / Bild- und Tonträger / Bilder $x02 
247C/01 $8->Marburg, Bibliographie zum Archivwesen der Archivschule Marburg $939588196X
LEADER 00000caa a22000002c 4500
001 441972896
003 DE-603
005 20190130225746.0
007 tu
008 190130s2010 xx |||| | u00||u|und c
035 |a (DE-599)HEB441972896 
040 |a DE-603  |b ger  |c DE-603  |d DE-603 
100 1 |a Talke, Armin 
245 0 0 |a Bildrechte in Archiven  |b ein Überblick 
264 0 |c 2010 
773 0 8 |i In  |a Verband Schleswig-Holsteinischer Kommunalarchivarinnen und -Archivare  |t Mitteilungen  |d Kiel : VKA, 2000-2011  |g (2010), Seite 49-56  |w (DE-603)094034893  |w (DE-600)2026933-X 
924 0 |9 -  |a (DE-603)1042342555  |b DE-  |c HES  |d d  |g /